Denný stacionár pre seniorov naplnil očakávania klientov

Podrobná bibliografia
Hlavný autor: Gembická, Erika (Autor)
Médium: Článok
Jazyk:slovenčina
Fyzický popis:Fotogr.
Predmet:

MARC

LEADER 00000nab a2200000 a 4500
001 vtls010553293
003 SK-MaSNL
005 20260305034005.0
008 131024c2013 xo qr| 0 0slo
038 |a RVGKPD 
040 |a RVGKPD  |b slo  |c RVGKPD  |e AACR2 
041 |a slo 
044 |a xo  |c SK 
080 |a 364-053.9  |2 1997 
100 1 |a Gembická, Erika  |4 aut  |9 1614987 
245 1 0 |a Denný stacionár pre seniorov naplnil očakávania klientov  |c Erika Gembická 
300 |b Fotogr. 
610 2 7 |a Denný stacionár pre seniorov (Rakovnica, Slovensko)  |2 rvgkpd  |9 1614988 
651 7 |a Rakovnica (Slovensko)  |2 rvgkpd  |9 29093 
651 7 |a Rožňava (Slovensko : okres)  |2 rvgkpd  |9 19215 
773 0 |t Rakovnické obecné noviny  |g Roč. XIII, č. 1 (2013), s. 5 
852 |a RVGKPD  |b KIS3G 
992 |a RBX 
999 |c 3327220  |d 3329150